000 01209nam a22004097a 4500
001 0065467
003 KOHA_MİRAKIL
005 20260207004602.0
007 ta
008 200320b2006 tu |||gr||||#||||0|tur |
020 _a9789755918235
040 _aTR-BiSEU
_btur
_cTR-BiSEU
_erda
041 0 _atur
044 _ctu
050 _aHG4026
_b.O35 2006
100 1 _aOkka, Osman.
245 1 _aİşletme finansmanı/
_cOsman Okka ; Osman Okka.
264 1 _aAnkara :
_bNobel
_c2006
300 _aXIV, 306 sayfa; 24 cm.
336 _ametin
_btxt
_2rdacontent
337 _aaracısız
_bn
_2rdamedia
338 _acilt
_bnc
_2rdacarrier
490 1 _aNobel yayın no ;
_v838.
490 1 _aİktisadi ve İdari Bilimler ;
_v109.
490 1 _aFinans serisi ;
_vA4
500 _aKaynakça var.
650 0 _aFinans.
_96357
650 0 _aİşletme.
_94544
650 0 _aŞirketler--Finans.
_98837
650 0 _aCorporations--Finance.
_93983
650 0 _aİşletmeler--Finans.
_98295
650 0 _aŞirketler--Maliye.
_93982
830 1 _aNobel yayın no ;
_v838.
_91940
830 1 _aİktisadi ve İdari Bilimler ;
_v109.
_923195
830 1 _aFinans serisi ;
_vA4
_995278
942 _2lcc
_cBK
999 _c65802
_d65802